000 00534nam a22001937a 4500
005 20230525034337.0
008 221205b |||||||| |||| 00| 0 eng d
020 _a978-981-4633-93-2
082 _a515 L334 2016
100 _aLarson, Ron
_eauthor
245 _aCalculus /
_cRon Larson, Bruce H. Edwards
250 _a10th ed.
260 _aSingapore:
_bCengage Learning Asia,
_cc2016.
300 _axvi, [1256]p.:
_bill.
504 _aIncludes index
541 _e5064
650 _aCalculus
700 _aEdwards, Bruce H.
_eauthor
999 _c320
_d320